Score 0/18 Timer 03:00
0 Plays Today
Phrase Missing Word % Correct
Boston ______ PartyTea
94.3%
Boston _____ PieCream
91.6%
Boston ______Red Sox
86.6%
Boston ______Marathon
82.2%
Boston Baked ______Beans
80.6%
Boston ______Bruins
78%
Boston ______Legal
76.3%
Boston ______Terrier
68.9%
Boston ______College
50.1%
Phrase Missing Word % Correct
Boston ______Celtics
49.1%
Boston ______ OrchestraPops
47.3%
Boston ______Garden
47.3%
______ Come To BostonPlease
36.5%
Boston ______Public
31.5%
Boston ______Rob
30.2%
Boston ______Common
28.7%
Boston ______Strangler
22.4%
Boston ______Blackie
5.5%

Today's Daily Dose

Missing Word
Marvin Gaye Songs

Quick Pick
Movies of 2019

Get the Picture
Chinese Cities

You're not logged in!

Compare scores with friends on all Sporcle quizzes.
OR
Log In

Sporcle TV

Today on Sporcle TV


Watch our educational content, quiz creation guides, and fun videos on Sporcle TV.

Show Comments

Extras

Top Quizzes Today


Score Distribution

Your Account Isn't Verified!

In order to create a playlist on Sporcle, you need to verify the email address you used during registration. Go to your Sporcle Settings to finish the process.

Report this User

Report this user for behavior that violates our Community Guidelines.

Details: